000 00710cab a2200241 4500
001 ABS36995
008 090401t1986 xxu||||| |||| 00| 0 eng d
035 _a(Sirsi) u1417
041 _aeng
100 _aKoehne, S.
245 _aWhose block is it anyway
260 _c1986
350 _a0
490 _aEstates Times
_v(864) 3 October 1986, 10 (1)
520 _aAnalyses the conflicting interests of funds and developers in negotiating the legal documentation for financing commercial property development.
650 _aFINANCE
650 _aFORWARD FUNDING
650 _aINVESTMENT
650 _aPROPERTY DEVELOPMENT
690 _aPLANNING LAW AND PRACTICE
942 _n0
948 _c04/03/1997
999 _c783
_d783